01558cam a22004334i 4500003000900000005001700009008004100026020001500067035002700082040003300109082001800142111008000160245011600240264005600356300003800412336002100450337002500471338002300496490006600519505023600585526001000821526001000831526000900841526000900850526000900859526000900868526000900877526000900886526000900895526000800904526000800912526000800920526000800928526000800936630006500944630004101009700004301050700003101093PE-LiUPU20250731165636.0150616s r 000 0 d a1850754543 a(Sirsi) i9781850754541 aPE-LiUPUbspacPE-LiUPUerda04a221.07bJ2212 aInternational Conference on The Aramaic Bible.n1º.d1992cDublin, Ireland14aThe Aramaic Bible :bTargums in their Historical Context.n166 /ceditado por D.R.G. Beattie and M.J. McNamara. 1aSheffield :bSheffield Academic Press, Ltd.,c1994. a470 páginas ;c21 centímetros atext2rdacontent aunmediated2rdamedia avolume2rdacarrier0 aJournal for the Study of the O.Testament Suppl. Series ;v1660 aTargum texts and editions -- The aramaic languaje -- The targums and jewish biblical interpretation -- Targums of the pentateuch -- Targums of the hagiographa -- Targum and New Testament -- Jewish traditions and christian writings. aSEG44 aSEG26 aP151 aP150 aP149 aP146 aP145 aP126 aP125 aP92 aP75 aP74 aP27 aP1504aBiblia.pA.T.xCrítica, interpretación, etc.xCongresos.04aBiblia.pA.T.sVersionesxCongresos.1 aBeattie, Derek Robert George,eeditor.1 aMcNamara, Martin,eeditor.